Statistics for Mexican Footballers Overseas -- Which Countries?

Click here to take the quiz!

General Stats

  • This quiz has been taken 34 times
  • The average score is 15 of 23

Answer Stats

RankNo. of PlayersAnswer% Correct
1100United States of America
100%
112Italy
97%
225Spain
97%
112Brazil
94%
93Netherlands
94%
112Portugal
94%
112Canada
88%
112England
84%
410Germany
84%
112Belgium
81%
112Chile
69%
93Costa Rica
69%
112Greece
66%
112Switzerland
59%
112Peru
56%
112Austria
53%
65El Salvador
53%
317Guatemala
53%
84Belize
41%
65Nicaragua
41%
112Malta
19%
58Andorra
16%
112Lebanon
0%

Score Distribution

Percentile by Number Answered

Percent of People with Each Score

Your Score History

You have not taken this quiz